000 00687nam a2200265Ia 4500
005 20260121172714.0
008 008 260114s9999 xx 000 0 eng d
020 _a9783030545642
037 _aEBOOK
040 _aCRL
040 _beng
040 _cCRL
041 _2eng
041 _aeng
084 _qCRL
100 _aIoan Opris, Mikhail A. Lebedev, Manuel F. Casanova
_91091713
245 0 _aModern Approaches to Augmentation of Brain Function
260 _bSpringer
260 _bSpringer
260 _c2021
856 _uhttps://link.springer.com/openurl?genre=book&isbn=978-3-030-54564-2
942 _cEBOOK
999 _c1657453
_d1657453